<?xml version="1.0" encoding="UTF-8"?>
<record
    xmlns:xsi="http://www.w3.org/2001/XMLSchema-instance"
    xsi:schemaLocation="http://www.loc.gov/MARC21/slim http://www.loc.gov/standards/marcxml/schema/MARC21slim.xsd"
    xmlns="http://www.loc.gov/MARC21/slim">

  <leader>00924nam a22002417a 4500</leader>
  <controlfield tag="003">0</controlfield>
  <controlfield tag="005">20160609165645.0</controlfield>
  <controlfield tag="008">100723t        xxu||||| |||| 00| 0 eng d</controlfield>
  <datafield tag="040" ind1=" " ind2=" ">
    <subfield code="a">BUAC</subfield>
    <subfield code="c">ENEAM</subfield>
  </datafield>
  <datafield tag="041" ind1=" " ind2=" ">
    <subfield code="a">Fr</subfield>
  </datafield>
  <datafield tag="100" ind1=" " ind2=" ">
    <subfield code="a">DEGUENONVO, Cispat.</subfield>
    <subfield code="9">7397</subfield>
  </datafield>
  <datafield tag="245" ind1=" " ind2=" ">
    <subfield code="a">Contribution &#xE0; un meilleur financement des petites et moyennes entreprises par les institutions bancaires: </subfield>
    <subfield code="b"> cas de la BOA-BENIN </subfield>
    <subfield code="c">/ Cispat, DEGUENONVO, Gwladys, TALON.</subfield>
  </datafield>
  <datafield tag="260" ind1=" " ind2=" ">
    <subfield code="a">Cotonou:</subfield>
    <subfield code="b">ENEAM,</subfield>
    <subfield code="c">2009.</subfield>
  </datafield>
  <datafield tag="300" ind1=" " ind2=" ">
    <subfield code="a">60 p.</subfield>
    <subfield code="e">CD ROM.</subfield>
  </datafield>
  <datafield tag="501" ind1=" " ind2=" ">
    <subfield code="a">M&#xE9;moire de fin de formation ( cycle I) ENEAM  pour l'obtention du Dipl&#xF4;me de Technicien Sup&#xE9;rieur.
Publi&#xE9; avec la version &#xE9;lectronique du m&#xE9;moire.</subfield>
  </datafield>
  <datafield tag="504" ind1=" " ind2=" ">
    <subfield code="a">Comprend: bibliogr.</subfield>
  </datafield>
  <datafield tag="600" ind1=" " ind2=" ">
    <subfield code="a">TALON, Gwladys</subfield>
    <subfield code="9">7398</subfield>
  </datafield>
  <datafield tag="650" ind1=" " ind2=" ">
    <subfield code="a">GESTION DES BANQUES</subfield>
    <subfield code="9">7445</subfield>
  </datafield>
  <datafield tag="650" ind1=" " ind2=" ">
    <subfield code="a">FINANCEMENT DES PME</subfield>
    <subfield code="9">7446</subfield>
  </datafield>
  <datafield tag="650" ind1=" " ind2=" ">
    <subfield code="a">INSTITUTIONS BANCAIRES</subfield>
    <subfield code="9">7447</subfield>
  </datafield>
  <datafield tag="650" ind1=" " ind2=" ">
    <subfield code="a">BOA-BENIN</subfield>
    <subfield code="9">7448</subfield>
  </datafield>
  <datafield tag="942" ind1=" " ind2=" ">
    <subfield code="c">THE</subfield>
  </datafield>
  <datafield tag="999" ind1=" " ind2=" ">
    <subfield code="c">47421</subfield>
    <subfield code="d">47421</subfield>
  </datafield>
  <datafield tag="952" ind1=" " ind2=" ">
    <subfield code="0">0</subfield>
    <subfield code="1">0</subfield>
    <subfield code="4">0</subfield>
    <subfield code="7">0</subfield>
    <subfield code="a">BENEAM</subfield>
    <subfield code="b">BENEAM</subfield>
    <subfield code="d">2010-07-24</subfield>
    <subfield code="l">0</subfield>
    <subfield code="o">2009/BAN/002</subfield>
    <subfield code="r">2010-07-24 00:00:00</subfield>
    <subfield code="w">2010-07-24</subfield>
    <subfield code="y">THE</subfield>
    <subfield code="z">Exclu du pr&#xEA;t</subfield>
  </datafield>
  <datafield tag="952" ind1=" " ind2=" ">
    <subfield code="0">0</subfield>
    <subfield code="1">0</subfield>
    <subfield code="4">0</subfield>
    <subfield code="7">0</subfield>
    <subfield code="a">BENEAM</subfield>
    <subfield code="b">BENEAM</subfield>
    <subfield code="d">2010-07-24</subfield>
    <subfield code="l">0</subfield>
    <subfield code="o">2009/BAN/002</subfield>
    <subfield code="r">2010-07-24 00:00:00</subfield>
    <subfield code="w">2010-07-24</subfield>
    <subfield code="y">THE</subfield>
    <subfield code="z">Exclu du pr&#xEA;t</subfield>
  </datafield>
</record>
